Great Olympic moments / (Record no. 283334)
[ view plain ]
| 000 -LEADER | |
|---|---|
| fixed length control field | 00383nam a2200121Ia 4500 |
| 008 - FIXED-LENGTH DATA ELEMENTS--GENERAL INFORMATION | |
| fixed length control field | 150223s9999 xx 000 0 und d |
| 020 ## - INTERNATIONAL STANDARD BOOK NUMBER | |
| International Standard Book Number | 9780755319688 |
| 050 ## - LIBRARY OF CONGRESS CALL NUMBER | |
| Classification number | GV 721.5 |
| Item number | .R316 2011 |
| 100 ## - MAIN ENTRY--PERSONAL NAME | |
| Personal name | Redgrave, Steve. |
| 245 ## - TITLE STATEMENT | |
| Title | Great Olympic moments / |
| Statement of responsibility, etc | Steve Redgrave. |
| 260 ## - PUBLICATION, DISTRIBUTION, ETC. (IMPRINT) | |
| Place of publication, distribution, etc | UK : |
| Name of publisher, distributor, etc | Headline Publishing Group, |
| Date of publication, distribution, etc | 2011 |
| 300 ## - PHYSICAL DESCRIPTION | |
| Extent | 188 pages : |
| Other physical details | Colored, Illustration ; |
| Dimensions | 25 cm. |
No items available.